Účtová třída 1 - zásoby rozpočtových a příspěvkových organizací.
Nové postupy účtovania po 1.1.1993 v oblasti zásob u nepodnikateľských subjektov. Objasnenie novozavedených pojmov. Porovnanie zavádzaného systému s terajšou praxou. Ilustrované na početných príkladoch.
Salvato in:
| Autore principale: | |
|---|---|
| Natura: | Capitolo di libro |
| Lingua: | ceco |
| Soggetti: | |
| Tags: |
Nessun Tag, puoi essere il primo ad aggiungerne!!
|
MARC
| LEADER | 00000naa a2200000 4500 | ||
|---|---|---|---|
| 001 | r010667 | ||
| 005 | 20220831085444.3 | ||
| 041 | 0 | |a cze | |
| 044 | |a [CS] | ||
| 245 | 1 | 0 | |a Účtová třída 1 - zásoby rozpočtových a příspěvkových organizací. |c Vítězslav Šmíd |
| 520 | |a Nové postupy účtovania po 1.1.1993 v oblasti zásob u nepodnikateľských subjektov. Objasnenie novozavedených pojmov. Porovnanie zavádzaného systému s terajšou praxou. Ilustrované na početných príkladoch. | ||
| 610 | 2 | 0 | |a triedy účtové |
| 610 | 2 | 0 | |a osnova účtová |
| 610 | 2 | 0 | |a zásoby |
| 610 | 2 | 0 | |a organizácie rozpočtové |
| 610 | 2 | 0 | |a organizácie príspevkové |
| 610 | 2 | 0 | |a ČSFR |
| 610 | 2 | 0 | |a podnikatelia |
| 100 | 1 | |a Šmíd, Vítězslav | |